<?xml version="1.0" encoding="UTF-8"?>
<record
    xmlns:xsi="http://www.w3.org/2001/XMLSchema-instance"
    xsi:schemaLocation="http://www.loc.gov/MARC21/slim http://www.loc.gov/standards/marcxml/schema/MARC21slim.xsd"
    xmlns="http://www.loc.gov/MARC21/slim">

  <leader>01241nam a22001577a 4500</leader>
  <controlfield tag="008">251029b        |||||||| |||| 00| 0 eng d</controlfield>
  <datafield tag="020" ind1=" " ind2=" ">
    <subfield code="a">9781838119911</subfield>
  </datafield>
  <datafield tag="040" ind1=" " ind2=" ">
    <subfield code="c">tbs</subfield>
  </datafield>
  <datafield tag="041" ind1=" " ind2=" ">
    <subfield code="a">eng</subfield>
  </datafield>
  <datafield tag="100" ind1=" " ind2=" ">
    <subfield code="a">Cohen, Jon</subfield>
    <subfield code="9">26364</subfield>
    <subfield code="e">author</subfield>
  </datafield>
  <datafield tag="245" ind1=" " ind2=" ">
    <subfield code="a">Asking for trouble</subfield>
    <subfield code="b">: understanding what people think when you can't trust what they say</subfield>
    <subfield code="c">/ Jon Cohen.</subfield>
  </datafield>
  <datafield tag="260" ind1=" " ind2=" ">
    <subfield code="a">London :</subfield>
    <subfield code="b">Wonder Wheel Publishing,</subfield>
    <subfield code="c">2021.</subfield>
  </datafield>
  <datafield tag="300" ind1=" " ind2=" ">
    <subfield code="a">xii, 239 pages : </subfield>
    <subfield code="b">illustrations ;</subfield>
    <subfield code="c">20 cm.</subfield>
  </datafield>
  <datafield tag="520" ind1=" " ind2=" ">
    <subfield code="a">It&#x2019;s only natural to ask people what they think of your ideas. After all, you can&#x2019;t launch, create or do something of value if you&#x2019;re not interested in the opinions of your intended audience.

Trouble is, the asking doesn&#x2019;t always help.

Learning the lessons from a lifetime of listening, Jon Cohen reveals why you can&#x2019;t trust what people say and explains why their answers will often lead you astray. Drawing on an extraordinary array of entertaining and inspiring examples, Jon demonstrates how to ask better, listen harder and get closer to the truth.
This book will transform your ability to understand what people think, enabling you to develop more imaginative ideas, braver public policy and compelling marketing communications.</subfield>
  </datafield>
  <datafield tag="942" ind1=" " ind2=" ">
    <subfield code="2">lcc</subfield>
  </datafield>
  <datafield tag="999" ind1=" " ind2=" ">
    <subfield code="c">5118</subfield>
    <subfield code="d">5118</subfield>
  </datafield>
</record>
